01502nam a2200277 a 450000100060000000300080000600500170001400800410003102000300007203500190010204000360012104100080015708200340016510000300019924500520022924601600028124601620044125000120060326000480061530000210066350001650068450000480084950502460089765100320114365100490117543328BD-RjUL20211209053701.0190223s1906 enk 00100 eng d a0710060590 : (V-1 & V-2) a(BD-RjUL)43446 aANLbengdANLdBD-RjULcBD-RjUL aeng 223a330.95403bDUE V-1-2 19061 aDutt, Romesh,d1848-1909.14aThe economic history of India /cby Romesh Dutt aThe economic history of British India under the British Rule:bFrom the rise of the British power in 1757 to the accession of Queen Victoria in 1837 (V-1)  aThe economic history of British India in the Victorian age:bFrom the accession of Queen Victoria in 1837 to the commencement of the twentieth century. (V-2) a2nd ed. aLondon :bRouledge & Kegan Paul,c1903-1906 a2 vol ; c21 cm. aVol. 1 originally published in 1902 under title: The economic history of British India. Vol. 2 first published in 1904 under title: India in the Victorian age.  aInclude Bibliographical footnotes and index0 aVol. 1. Under early British rule, from the rise of the British power in 1757 to the accession of Queen Victoria in 1837.-- v. 2. In the Victorian age, from the accession of Queen Victoria in 1837 to the commencement of the twentieth century. 0aIndiaxEconomic conditions. 0aIndia zPolitics and government y1765-1947.